000
00338pab a2200145 454500
008
180718b1983 xxu||||| |||| 00| 0 eng d
100
_a
Kant, Krishan
245
_a
Water and nation's conscience
260
_c
1983
300
_a
12-14,34
362
_a
6 Aug.
650
_a
Water Supply - India
773
_a
Mainstream
909
_a
20625
999
_c
20625
_d
20625